Communication: (Record no. 14679)

000 -LEADER
fixed length control field 00692nam a2200193 a 4500
001 - CONTROL NUMBER
control field :::00012512$&:&@@
003 - CONTROL NUMBER IDENTIFIER
control field OkBaRHE
005 - DATE AND TIME OF LATEST TRANSACTION
control field 20000607103420.0
008 - FIXED-LENGTH DATA ELEMENTS--GENERAL INFORMATION
fixed length control field s1974 j 000 0 eng u
040 ## - CATALOGING SOURCE
Transcribing agency
100 1# - MAIN ENTRY--PERSONAL NAME
Personal name Wright, H. Norman.
245 10 - TITLE STATEMENT
Title Communication:
Remainder of title key to your marriage; practical, biblical ways to improve communication and enrich your marriage.
Statement of responsibility, etc Edited by Fritz Ridenour.
260 ## - PUBLICATION, DISTRIBUTION, ETC. (IMPRINT)
Place of publication, distribution, etc Glendale, CA., :
Name of publisher, distributor, etc G/L Regal Books
Date of publication, distribution, etc c1974
300 ## - PHYSICAL DESCRIPTION
Extent 194 p. : illus. ;
Dimensions 20 cm.
650 ## - SUBJECT ADDED ENTRY--TOPICAL TERM
Topical term or geographic name as entry element Interpersonal Relations
650 ## - SUBJECT ADDED ENTRY--TOPICAL TERM
Topical term or geographic name as entry element Marriage
942 ## - ADDED ENTRY ELEMENTS (KOHA)
Source of classification or shelving scheme
Koha item type Books
Copies
Date last seen Shelving location Date acquired Withdrawn status Barcode Not for loan Copy number Price effective from Permanent Location Damaged status Full call number Koha item type Lost status Source of classification or shelving scheme
2010-04-14General Stacks2010-04-14 12512 12010-04-14RHEMA Bible Training College HQ 734 .W948Books